| 000 | 00567nam a2200193 a 4500 | ||
|---|---|---|---|
| 001 | BRCA_9061 | ||
| 005 | 20190320210517.0 | ||
| 008 | 040917c--------sp-#######---#000-0#spa-# | ||
| 041 | _aspa | ||
| 044 | _asp | ||
| 084 |
_aBE80 _b.A56 |
||
| 245 | 1 | 0 | _aAño panegírico (sin portada). |
| 300 |
_a350 p. (t.6) _c21 x 15 cm |
||
| 500 | _aEstado físico: presenta encuadernación en pergamino y sin portada | ||
| 505 | 0 | _aContiene los meses de noviembre y diciembre | |
| 650 | 1 | 4 |
_aSermones españoles _yObras anteriores a 1800 _921577 |
| 902 | _aCFM | ||
| 942 |
_2lcc _cB |
||
| 999 |
_c8711 _d8711 |
||